Introduction to engineering mechanics (Record no. 17563)

000 -LEADER
fixed length control field 00597nam a22002051 4500
001 - CONTROL NUMBER
control field 17563
003 - CONTROL NUMBER IDENTIFIER
control field BD-DhUET
008 - FIXED-LENGTH DATA ELEMENTS--GENERAL INFORMATION
fixed length control field 100604s1961 maua b 000 0 eng
040 ## - CATALOGING SOURCE
Original cataloging agency DLC
Transcribing agency DLC
Modifying agency BD-DhUET
082 ## - DEWEY DECIMAL CLASSIFICATION NUMBER
Classification number 620.1
Item number HUD/1961
100 ## - MAIN ENTRY--PERSONAL NAME
Personal name Huddleston, John V.
245 10 - TITLE STATEMENT
Title Introduction to engineering mechanics
250 ## - EDITION STATEMENT
Edition statement 1st ed.
260 ## - PUBLICATION, DISTRIBUTION, ETC. (IMPRINT)
Place of publication, distribution, etc. Massachusetts
Name of publisher, distributor, etc. Addison-Wesley Publishing
Date of publication, distribution, etc. 1961
300 ## - PHYSICAL DESCRIPTION
Extent xii, 493 p.
Other physical details ill.
Dimensions 24 cm.
490 0# - SERIES STATEMENT
Series statement Addison-Wesley series in the engineering sciences
504 ## - BIBLIOGRAPHY, ETC. NOTE
Bibliography, etc Includes bibliographies
650 #0 - SUBJECT ADDED ENTRY--TOPICAL TERM
Topical term or geographic name as entry element Engineering mechanics
942 ## - ADDED ENTRY ELEMENTS (KOHA)
Koha item type General Book
Holdings
Copy number Koha date last seen Koha full call number Source of classification or shelving scheme Date acquired Sublocation or collection (holding branch) Not for loan Piece designation (barcode) Damaged status Location (home branch) Koha normalized classification for sorting Price effective from Koha item type Shelving location Lost status Withdrawn status
12015-03-24620.1/HUD/1961 2015-03-24Central Library, BUET 10262 Central Library, BUET620_100000000000000_HUD_19612015-03-24General BookCirculation section  
22015-03-24620.1/HUD/1961 2015-03-24Central Library, BUET 38774 Central Library, BUET620_100000000000000_HUD_19612015-03-24General BookCirculation section  
32015-03-24620.1/HUD/1961 2015-03-24Central Library, BUET 10263 Central Library, BUET620_100000000000000_HUD_19612015-03-24General BookCirculation section  
42015-03-24620.1/HUD/1961 2015-03-24Central Library, BUET 28806 Central Library, BUET620_100000000000000_HUD_19612015-03-24General BookCirculation section  
52015-03-24620.1/HUD/1961 2015-03-24Central Library, BUET 9235 Central Library, BUET620_100000000000000_HUD_19612015-03-24General BookCirculation section  
62015-03-24620.1/HUD/1961 2015-03-24Central Library, BUET 9261 Central Library, BUET620_100000000000000_HUD_19612015-03-24General BookCataloging to Circulation  
82015-03-24620.1/HUD/1961 2015-03-24Central Library, BUET 37760 Central Library, BUET620_100000000000000_HUD_19612015-03-24General BookCirculation section  
72015-03-28620.1/HUD/1961 2015-03-28Central Library, BUET 84383 Central Library, BUET620_100000000000000_HUD_19612015-03-28General BookCirculation section